000
00328 a2200133 4500
020
_a
9788430569564 (Hard)
020
_a
8430569561 (Hard)
041
_a
spa
100
_a
Wilkinson, Philip
245
_a
Vikingos / Philip Wilkinson.
260
_a
Madrid : Susaeta, 2008
300
_a
[28] p. : il. ;
_c
27 x 31 cm
942
_c
BK
999
_c
21094
_d
21094